000
00318nam a2200145Ia 4500
100
_a
Wakerly/John F
250
_a
3
942
_c
BK
654
_a
digital
245
_a
Digital design:Principles and practices
260
_b
Pearson Education
_c
2001
082
_a
621.3815
_b
WAK
300
_a
972
546
_a
ENGLISH
999
_c
26946
_d
26946